Normal view MARC view

Entry Personal Name

Number of records used in: 1

001 - CONTROL NUMBER

  • control field: 43215

003 - CONTROL NUMBER IDENTIFIER

  • control field: dpl

005 - DATE AND TIME OF LATEST TRANSACTION

  • control field: 20120229121249.0

008 - FIXED-LENGTH DATA ELEMENTS

  • fixed length control field: 120229|||a|||||| | ||| d

040 ## - CATALOGING SOURCE

  • Original cataloging agency: dpl
  • Transcribing agency: dpl

100 ## - HEADING--PERSONAL NAME

  • Personal name: Bhargava,G.S.

670 ## - SOURCE DATA FOUND

  • Source citation: Work cat.: (dpl): Bhargava,G.S., The Press in India:, 2005

670 ## - SOURCE DATA FOUND

  • Source citation: Work cat.: (dpl): Bhargava,G.S., The Press in India:, 2005

© Delhi Public Library
Hit Counter
free hit counter